Zborník príspevkov z medzinárodnej vedeckej konferencie konanej pri príležitosti 10. výročia založenia Ústavu súdneho znalectva Stavebnej fakulty STU v Bratislave : 25. - 26. 9. 2009 /
Uloženo v:
| Hlavní autor: | |
|---|---|
| Médium: | Kniha |
| Jazyk: | slovenština |
| Vydáno: |
Bratislava :
Slovenská technická univerzita v Bratislave,
2009
|
| Vydání: | [1. vyd.] |
| Témata: | |
| ISBN: | 9788022731478 |
| On-line přístup: |
|
| Tagy: |
Přidat tag
Žádné tagy, Buďte první, kdo vytvoří štítek k tomuto záznamu!
|
MARC
| LEADER | 00000nam a2200000 4500 | ||
|---|---|---|---|
| 003 | SK-BrCVT | ||
| 005 | 20220617223832.0 | ||
| 008 | 100616s2009 xo e ||||||slo d | ||
| 020 | |a 9788022731478 |c 3,46 | ||
| 035 | |a CVTIDW0001094 | ||
| 040 | |b slo |a CVTI SR |e AACR2 | ||
| 041 | 0 | |a slo = slovenčina | |
| 044 | |a xo | ||
| 080 | |a 340.69 |2 UDC-MRF | ||
| 080 | |a 69 |2 UDC-MRF | ||
| 100 | 1 | |a Nič, Milan |4 aut |d 1946- | |
| 245 | 1 | 0 | |a Zborník príspevkov z medzinárodnej vedeckej konferencie konanej pri príležitosti 10. výročia založenia Ústavu súdneho znalectva Stavebnej fakulty STU v Bratislave : |b 25. - 26. 9. 2009 / |c Autori: Milan Nič ... [et al.] |h [elektronický zdroj] |
| 250 | |a [1. vyd.] | ||
| 260 | |c 2009 |a Bratislava : |b Slovenská technická univerzita v Bratislave, | ||
| 300 | |a 1 CD-ROM | ||
| 653 | 1 | |a súdne znalectvo | |
| 653 | 1 | |a nebytový priestor | |
| 653 | 1 | |a nehnuteľnosť | |
| 653 | 1 | |a zatepľovací systém | |
| 653 | 1 | |a podlahová stierka | |
| 653 | 1 | |a kataster nehnuteľností | |
| 653 | 1 | |a znalecký posudok | |
| 910 | |b Z000576 | ||
| 919 | |a 978-80-227-3147-8 | ||
| 974 | |a katarina.repata |f Knihy | ||
| 992 | |a JDC | ||
| 992 | |a AZN | ||
| 999 | |c 155855 |d 155855 | ||

